Datum a čas kvízu
45
Celkem bodů
Celkový počet nahraných bodů na tomto kvízu bez doplňovacích otázek.
1.
Pořadí na kvízu
Konečné umístění týmu na tomto kvízu.
Zaznamenané odpovědi
| # | Otázka | Odpověď | Body | Výsledky |
|---|---|---|---|---|
| 1. | Z baziliky v Jablonném v Podje... | C | 1 | |
| 2. | Parlament kterého tichomořskéh... | A | 1 | |
| 3. | Prodejce langošů ve slovenském... | chybějící diakritika (háčky a čárky) | 1 | |
| 4. | Německý soud rozhodl, že potra... | Milku | 1 | |
| 5. | Na okruhu ležícím poblíž jedno... | Most | 1 | |
| 6. | Vítězné téma facebookového hla... | 36 týmů | 1 | |
| 7. | Ve kterých třech jazycích je s... | angličtina, francouzština, němčina | 1 | |
| 8. | Pokud budeme počítat i předchů... | Real Madrid | 1 | |
| 9. | K památnému finále došlo v roc... | Vladimír Šmicer, Milan Baroš | 0 | |
| 10. | Historicky nejlepšími střelci... | Robert Lewandowski | 1 |